000
002740000a22000970004500
100
1
_a
Gómez Gil, Orlando.
245
1
0
_a
Federico Guillrmo Nietzsche, filósofo controversial
300
_a
Vol. 9, Núm 46 (1997), Páginas 16-17
773
0
_t
Impacto Presbiteriano
942
_c
ANA
999
_c
51038
_d
51038